[Event "CZE-ch FIDE Open 2020"]
[Site "Kouty nad Desnou"]
[Date "2020.03.09"]
[Round "4.9"]
[White "Tuma, Jan"]
[Black "Dedek, Jan"]
[Result "1-0"]
[WhiteElo "1993"]
[BlackElo "1551"]
[Annotator "ChessBase"]
[PlyCount "35"]
[EventDate "2020.03.07"]
[EventCountry "CZE"]
[SourceTitle "playchess.com"]
[Source "ChessBase"]
[SourceQuality "1"]
[TimeControl "5400+30"]

1. e4 {[%emt 0:00:00]} c5 {[%emt 0:00:00]} 2. Nf3 {[%emt 0:00:13]} Nc6 {[%emt 0:00:02]} 3. d4 {[%emt 0:00:35]} cxd4 {[%emt 0:00:07]} 4. Nxd4 {[%emt 0:00:05]} Nf6 {[%emt 0:00:05]} 5. Nc3 {[%emt 0:00:17]} e5 {[%emt 0:00:06]} 6. Ndb5 {[%emt 0:01:17]} d6 {[%emt 0:00:05]} 7. Nd5 {[%emt 0:04:40]} Nxd5 {[%emt 0:00:06]} 8. exd5 {[%emt 0:00:05]} Nb8 {[%emt 0:00:07]} 9. c4 {[%emt 0:00:43]} Be7 {[%emt 0:05:13]} 10. g3 {[%emt 0:03:17]} f5 {[%emt 0:01:25]} 11. Bg2 {[%emt 0:00:44]} O-O {[%emt 0:00:23]} 12. O-O {[%emt 0:00:32]} a6 {[%emt 0:01:04]} 13. Nc3 {[%emt 0:00:25]} Nd7 {[%emt 0:06:17]} 14. b3 {[%emt 0:01:48]} f4 {[%emt 0:01:47]} 15. Ne4 {[%emt 0:03:02]} Nf6 {[%emt 0:00:47]} 16. Bb2 {[%emt 0:02:00]} Nxe4 {[%emt 0:01:29]} 17. Bxe4 {[%emt 0:00:11]} Bh3 {[%emt 0:02:29]} 18. Qh5 {[%emt 0:01:55]} 1-0

[Event "CZE-ch FIDE Open 2020"]
[Site "Kouty nad Desnou"]
[Date "2020.03.09"]
[Round "4.10"]
[White "Novotny, David"]
[Black "Klubal, Jiri"]
[Result "1-0"]
[WhiteElo "1910"]
[BlackElo "1935"]
[Annotator "ChessBase"]
[PlyCount "99"]
[EventDate "2020.03.07"]
[EventCountry "CZE"]
[SourceTitle "playchess.com"]
[Source "ChessBase"]
[SourceQuality "1"]
[TimeControl "5400+30"]

1. d4 {[%emt 0:00:00]} Nf6 {[%emt 0:00:00]} 2. Nf3 {[%emt 0:00:00]} g6 {[%emt 0:00:29]} 3. Nc3 {[%emt 0:01:03]} Bg7 {[%emt 0:01:49]} 4. e4 {[%emt 0:01:58]} d6 {[%emt 0:01:09]} 5. h3 {[%emt 0:01:49]} O-O {[%emt 0:04:15]} 6. Bf4 {[%emt 0:01:02]} c6 {[%emt 0:08:23]} 7. Qd2 {[%emt 0:04:11]} Re8 {[%emt 0:05:13]} 8. Be2 {[%emt 0:01:22]} Qa5 {[%emt 0:05:35]} 9. O-O {[%emt 0:03:22]} Nbd7 {[%emt 0:02:42]} 10. Rab1 {[%emt 0:09:43]} a6 {[%emt 0:07:03]} 11. b4 {[%emt 0:01:03]} Qc7 {[%emt 0:05:14]} 12. a4 {[%emt 0:07:42]} e5 {[%emt 0:06:10]} 13. dxe5 {[%emt 0:00:45]} dxe5 {[%emt 0:01:04]} 14. Bh6 {[%emt 0:01:40]} Nf8 {[%emt 0:03:45]} 15. Bxg7 {[%emt 0:03:29]} Kxg7 {[%emt 0:00:13]} 16. Rfd1 {[%emt 0:00:45]} Nh5 {[%emt 0:16:01]} 17. b5 {[%emt 0:05:37]} Nf4 {[%emt 0:02:13]} 18. Bf1 {[%emt 0:00:36]} cxb5 {[%emt 0:05:31]} 19. axb5 {[%emt 0:00:29]} Bd7 {[%emt 0:00:44]} 20. bxa6 {[%emt 0:03:55]} bxa6 {[%emt 0:00:48]} 21. Nd5 {[%emt 0:01:16]} Nxd5 {[%emt 0:00:54]} 22. exd5 {[%emt 0:00:37]} Ba4 {[%emt 0:02:43]} 23. Rdc1 {[%emt 0:03:09]} Nd7 {[%emt 0:02:06]} 24. Qb4 {[%emt 0:08:57]} Nc5 {[%emt 0:02:27]} 25. Ra1 {[%emt 0:00:40]} Rab8 {[%emt 0:01:04]} 26. Qc3 {[%emt 0:00:53]} Bb5 {[%emt 0:01:33]} 27. Ra5 {[%emt 0:08:57]} Qd6 {[%emt 0:02:00]} 28. Bxb5 {[%emt 0:01:35]} axb5 {[%emt 0:02:11]} 29. Qb4 {[%emt 0:11:35]} Qxd5 {[%emt 0:03:39]} 30. c4 {[%emt 0:00:27]} Nd3 {[%emt 0:03:26]} 31. Qa3 {[%emt 0:03:41]} Qe4 {[%emt 0:04:12]} 32. Ra7 {[%emt 0:09:35]} Nxc1 {[%emt 0:00:37]} 33. Rxf7+ {[%emt 0:00:07]} Kh8 {[%emt 0:00:32]} 34. Rxh7+ {[%emt 0:00:22]} Kxh7 {[%emt 0:00:37]} 35. Ng5+ {[%emt 0:00:07]} Kg7 {[%emt 0:00:12]} 36. Nxe4 {[%emt 0:00:06]} Ne2+ {[%emt 0:00:18]} 37. Kf1 {[%emt 0:01:21]} Nf4 {[%emt 0:00:19]} 38. Qa7+ {[%emt 0:00:21]} Kh6 {[%emt 0:01:01]} 39. Kg1 {[%emt 0:04:14]} Ra8 {[%emt 0:00:20]} 40. Qd7 {[%emt 0:00:31]} bxc4 {[%emt 0:00:48]} 41. Nf6 {[%emt 0:00:42]} Rf8 {[%emt 0:00:36]} 42. Ng4+ {[%emt 0:00:29]} Kg5 {[%emt 0:00:21]} 43. Qe7+ {[%emt 0:00:25]} Kh5 {[%emt 0:00:32]} 44. Qh7+ {[%emt 0:00:23]} Kg5 {[%emt 0:00:08]} 45. Qe7+ {[%emt 0:00:05]} Kh5 {[%emt 0:00:03]} 46. Qxe5+ {[%emt 0:00:50]} Rf5 {[%emt 0:00:10]} 47. Qg7 {[%emt 0:00:57]} Ne2+ {[%emt 0:01:32]} 48. Kh2 {[%emt 0:00:19]} Kh4 {[%emt 0:00:45]} 49. Qh6+ {[%emt 0:00:35]} Rh5 {[%emt 0:00:08]} 50. g3+ {[%emt 0:00:09]} 1-0

[Event "CZE-ch FIDE Open 2020"]
[Site "Kouty nad Desnou"]
[Date "2020.03.09"]
[Round "4.11"]
[White "Kosut, Tomas"]
[Black "Broz, Jan"]
[Result "1-0"]
[WhiteElo "1878"]
[BlackElo "1481"]
[Annotator "NA"]
[PlyCount "53"]
[EventDate "2020.03.07"]
[EventCountry "CZE"]
[SourceTitle "playchess.com"]
[Source "ChessBase"]
[SourceQuality "1"]
[TimeControl "5400+30"]

1. e4 {[%emt 0:00:00]} c6 {[%emt 0:00:03]} 2. d4 {[%emt 0:00:07]} d5 {[%emt 0:00:19]} 3. e5 {[%emt 0:01:03]} Bf5 {[%emt 0:01:10]} 4. Bd3 {[%emt 0:02:25]} Bxd3 {[%emt 0:01:58]} 5. Qxd3 {[%emt 0:00:06]} e6 {[%emt 0:02:37]} 6. f4 {[%emt 0:01:57]} Nd7 {[%emt 0:01:55]} 7. Nf3 $11 {[%emt 0:01:35]} c5 {[%emt 0:03:23]} 8. c3 {[%emt 0:02:05]} cxd4 {[%emt 0:00:44]} 9. cxd4 {[%emt 0:00:28]} Ne7 {[%emt 0:02:03]} 10. O-O {[%emt 0:00:53]} Nc6 {[%emt 0:03:12]} 11. a3 {[%emt 0:03:00]} Be7 {[%emt 0:01:46]} 12. Nc3 {[%emt 0:00:24]} O-O {[%emt 0:02:09]} 13. Ng5 {[%emt 0:02:14]} Bxg5 {[%emt 0:03:37]} 14. fxg5 {[%emt 0:00:12]} Qe7 {[%emt 0:06:52]} 15. Bd2 {[%emt 0:04:54]} a6 {[%emt 0:03:31]} 16. Rae1 {[%emt 0:02:18]} Nb6 {[%emt 0:02:57]} 17. Rf3 {[%emt 0:05:08]} Qc7 {[%emt 0:11:41]} 18. Rh3 {[%emt 0:03:03]} g6 {[%emt 0:00:06]} 19. Qg3 {[%emt 0:01:42]} Kg7 {[%emt 0:03:48]} 20. Qf4 {[%emt 0:03:52]} Rh8 {[%emt 0:04:41]} 21. Nd1 {[%emt 0:06:22]} Nd7 {[%emt 0:05:49]} 22. Nf2 {[%emt 0:01:33]} Ne7 {[%emt 0:01:09]} 23. Bb4 {[%emt 0:06:24]} Ng8 {[%emt 0:02:31]} 24. Rf3 {[%emt 0:01:28]} Nb8 {[%emt 0:03:27]} 25. Ng4 {[%emt 0:00:27]} Nc6 {[%emt 0:01:45]} 26. Nh6 {[%emt 0:01:03]} Nd8 {[%emt 0:04:43]} 27. Ref1 {[%emt 0:00:26]} 1-0

[Event "CZE-ch FIDE Open 2020"]
[Site "Kouty nad Desnou"]
[Date "2020.03.09"]
[Round "4.12"]
[White "Sochorova, Petra"]
[Black "Kanka, Lukas"]
[Result "1-0"]
[WhiteElo "2119"]
[BlackElo "1618"]
[Annotator "ChessBase"]
[PlyCount "95"]
[EventDate "2020.03.07"]
[EventCountry "CZE"]
[SourceTitle "playchess.com"]
[Source "ChessBase"]
[SourceQuality "1"]
[TimeControl "5400+30"]

1. e4 {[%emt 0:00:00]} d5 {[%emt 0:00:30]} 2. exd5 {[%emt 0:00:11]} Qxd5 {[%emt 0:00:07]} 3. Nc3 {[%emt 0:00:09]} Qa5 {[%emt 0:00:08]} 4. d4 {[%emt 0:01:00]} Nf6 {[%emt 0:00:57]} 5. Bd2 {[%emt 0:04:33]} Bg4 {[%emt 0:05:27]} 6. f3 {[%emt 0:08:11]} Bf5 {[%emt 0:01:29]} 7. Bc4 {[%emt 0:04:46]} Qb6 {[%emt 0:03:35]} 8. Nge2 {[%emt 0:01:56]} e6 {[%emt 0:04:28]} 9. O-O {[%emt 0:22:16]} Bd6 {[%emt 0:05:12]} 10. Bb3 {[%emt 0:16:16]} c6 {[%emt 0:01:51]} 11. Be1 {[%emt 0:04:23]} Nbd7 {[%emt 0:06:29]} 12. Ng3 {[%emt 0:00:35]} Bg6 {[%emt 0:01:38]} 13. Nce4 {[%emt 0:01:02]} Bf4 {[%emt 0:03:37]} 14. Bf2 {[%emt 0:01:56]} Qc7 {[%emt 0:01:02]} 15. Re1 {[%emt 0:00:44]} Nxe4 {[%emt 0:02:55]} 16. fxe4 {[%emt 0:00:26]} O-O {[%emt 0:03:49]} 17. Qf3 {[%emt 0:02:39]} a5 {[%emt 0:06:30]} 18. a4 {[%emt 0:01:09]} b5 {[%emt 0:01:04]} 19. h4 {[%emt 0:06:22]} h6 {[%emt 0:02:16]} 20. Ne2 {[%emt 0:01:26]} Bd2 {[%emt 0:00:57]} 21. Red1 {[%emt 0:01:28]} Bb4 {[%emt 0:00:16]} 22. c3 {[%emt 0:06:23]} Be7 {[%emt 0:01:02]} 23. Nf4 {[%emt 0:02:00]} Bh7 {[%emt 0:01:13]} 24. e5 {[%emt 0:00:47]} Kh8 {[%emt 0:02:41]} 25. Qg3 {[%emt 0:00:41]} g5 {[%emt 0:00:54]} 26. Nh5 {[%emt 0:01:26]} Rg8 {[%emt 0:01:56]} 27. Qf3 {[%emt 0:00:43]} Raf8 {[%emt 0:00:30]} 28. axb5 {[%emt 0:07:26]} cxb5 {[%emt 0:00:59]} 29. d5 {[%emt 0:00:20]} Nxe5 {[%emt 0:01:31]} 30. Bd4 {[%emt 0:00:06]} f6 {[%emt 0:02:35]} 31. Qe2 {[%emt 0:00:08]} Bf5 {[%emt 0:08:41]} 32. Ng3 {[%emt 0:02:14]} Bg4 {[%emt 0:02:16]} 33. Bxe5 {[%emt 0:00:26]} Qc5+ {[%emt 0:00:16]} 34. Bd4 {[%emt 0:00:12]} Bxe2 {[%emt 0:00:08]} 35. Bxc5 {[%emt 0:00:37]} Bxc5+ {[%emt 0:00:05]} 36. Kh1 {[%emt 0:01:14]} Bxd1 {[%emt 0:00:12]} 37. Rxd1 {[%emt 0:00:16]} gxh4 {[%emt 0:01:21]} 38. Ne4 {[%emt 0:00:20]} Bb6 {[%emt 0:00:50]} 39. dxe6 {[%emt 0:00:24]} h3 {[%emt 0:00:28]} 40. gxh3 {[%emt 0:00:51]} Rg7 {[%emt 0:00:57]} 41. Nd6 {[%emt 0:00:50]} Rg3 {[%emt 0:05:57]} 42. e7 {[%emt 0:00:33]} Rb8 {[%emt 0:02:44]} 43. e8=Q+ {[%emt 0:00:43]} Rxe8 {[%emt 0:00:06]} 44. Nxe8 {[%emt 0:00:06]} Rxh3+ {[%emt 0:00:15]} 45. Kg2 {[%emt 0:00:40]} Re3 {[%emt 0:00:18]} 46. Nxf6 {[%emt 0:00:18]} Re2+ {[%emt 0:00:14]} 47. Kh3 {[%emt 0:00:58]} Rxb2 {[%emt 0:00:22]} 48. Rd7 {[%emt 0:00:28]} 1-0

[Event "CZE-ch FIDE Open 2020"]
[Site "Kouty nad Desnou"]
[Date "2020.03.09"]
[Round "4.13"]
[White "Zamecnik, Jan"]
[Black "Nguyen, Thai Dai Vinh"]
[Result "1/2-1/2"]
[WhiteElo "1850"]
[BlackElo "2018"]
[Annotator "ChessBase"]
[PlyCount "81"]
[EventDate "2020.03.07"]
[EventCountry "CZE"]
[SourceTitle "playchess.com"]
[Source "ChessBase"]
[SourceQuality "1"]
[TimeControl "5400+30"]

1. d4 {[%emt 0:00:00]} Nf6 {[%emt 0:00:00]} 2. Nf3 {[%emt 0:00:00]} d5 {[%emt 0:00:00]} 3. g3 {[%emt 0:00:01]} Bf5 {[%emt 0:00:00]} 4. Bg2 {[%emt 0:00:08]} c6 {[%emt 0:00:00]} 5. O-O {[%emt 0:00:12]} h6 {[%emt 0:00:07]} 6. c4 {[%emt 0:00:52]} e6 {[%emt 0:00:04]} 7. Ne5 {[%emt 0:04:08]} Nbd7 {[%emt 0:00:41]} 8. Nc3 {[%emt 0:02:45]} Nxe5 {[%emt 0:11:40]} 9. dxe5 {[%emt 0:00:09]} Nd7 {[%emt 0:00:45]} 10. cxd5 {[%emt 0:03:06]} exd5 {[%emt 0:02:18]} 11. f4 {[%emt 0:04:18]} Qb6+ {[%emt 0:07:05]} 12. Kh1 {[%emt 0:02:52]} O-O-O {[%emt 0:08:05]} 13. Na4 {[%emt 0:17:22]} Qb4 {[%emt 0:18:26]} 14. a3 {[%emt 0:06:41]} Qc4 {[%emt 0:01:10]} 15. b3 {[%emt 0:10:14]} Qc2 {[%emt 0:02:19]} 16. Be3 {[%emt 0:12:59]} Qxd1 {[%emt 0:01:37]} 17. Rfxd1 {[%emt 0:01:26]} Bc2 {[%emt 0:02:24]} 18. Rdc1 {[%emt 0:00:38]} Bxb3 {[%emt 0:00:42]} 19. Nb2 {[%emt 0:01:06]} a5 {[%emt 0:05:02]} 20. a4 {[%emt 0:04:37]} Bb4 {[%emt 0:01:54]} 21. Nd3 {[%emt 0:03:26]} Be7 {[%emt 0:05:31]} 22. Bd2 {[%emt 0:01:30]} Bc4 {[%emt 0:03:35]} 23. Bxa5 {[%emt 0:02:47]} b6 {[%emt 0:00:47]} 24. Bb4 {[%emt 0:05:22]} c5 {[%emt 0:09:08]} 25. Be1 {[%emt 0:07:18]} Kc7 {[%emt 0:02:00]} 26. g4 {[%emt 0:03:35]} g5 {[%emt 0:03:22]} 27. Bg3 {[%emt 0:01:16]} h5 {[%emt 0:02:20]} 28. fxg5 {[%emt 0:00:47]} h4 {[%emt 0:00:49]} 29. Bf4 {[%emt 0:00:17]} Bxd3 {[%emt 0:00:46]} 30. exd3 {[%emt 0:00:24]} Kc6 {[%emt 0:00:20]} 31. d4 {[%emt 0:01:20]} Nf8 {[%emt 0:01:12]} 32. a5 {[%emt 0:03:26]} Ne6 {[%emt 0:00:41]} 33. Be3 {[%emt 0:00:28]} h3 {[%emt 0:01:43]} 34. Bf3 {[%emt 0:00:50]} Nxg5 {[%emt 0:03:37]} 35. dxc5 {[%emt 0:00:34]} bxa5 {[%emt 0:02:21]} 36. Bd1 {[%emt 0:00:27]} d4 {[%emt 0:01:04]} 37. Bd2 {[%emt 0:00:36]} Rd5 {[%emt 0:02:05]} 38. Bxg5 {[%emt 0:00:28]} Bxg5 {[%emt 0:00:01]} 39. Ba4+ {[%emt 0:00:30]} Kc7 {[%emt 0:00:10]} 40. Rf1 {[%emt 0:00:17]} Rf8 {[%emt 0:00:37]} 41. Rf5 {[%emt 0:00:03]} 1/2-1/2

[Event "CZE-ch FIDE Open 2020"]
[Site "Kouty nad Desnou"]
[Date "2020.03.09"]
[Round "4.14"]
[White "Merinsky, Vaclav"]
[Black "Husa, Daniel"]
[Result "0-1"]
[WhiteElo "1764"]
[BlackElo "1814"]
[Annotator "NA"]
[PlyCount "98"]
[EventDate "2020.03.07"]
[EventCountry "CZE"]
[SourceTitle "playchess.com"]
[Source "ChessBase"]
[SourceQuality "1"]
[TimeControl "5400+30"]

1. e4 {[%emt 0:00:00]} c5 {[%emt 0:00:00]} 2. Nf3 {[%emt 0:00:06]} e6 {[%emt 0:00:00]} 3. Nc3 {[%emt 0:00:36]} Nc6 {[%emt 0:00:00]} 4. d3 {[%emt 0:01:42]} d6 {[%emt 0:05:04]} 5. Be2 {[%emt 0:00:38]} Nf6 {[%emt 0:00:39]} 6. O-O {[%emt 0:02:05]} Be7 {[%emt 0:00:32]} 7. Bf4 {[%emt 0:01:41]} O-O {[%emt 0:01:09]} 8. e5 {[%emt 0:03:00]} Nh5 {[%emt 0:04:28]} 9. exd6 {[%emt 0:00:47]} Nxf4 {[%emt 0:00:26]} 10. dxe7 {[%emt 0:00:15]} Nxe2+ {[%emt 0:00:29]} 11. Qxe2 {[%emt 0:00:35]} Qxe7 {[%emt 0:00:17]} 12. a3 {[%emt 0:00:11]} b6 {[%emt 0:01:14]} 13. Ne4 {[%emt 0:02:04]} Bb7 {[%emt 0:01:31]} 14. Rfe1 {[%emt 0:01:12]} Rfd8 {[%emt 0:02:25]} 15. Rad1 {[%emt 0:01:55]} Rac8 {[%emt 0:03:29]} 16. Qe3 {[%emt 0:01:27]} Nd4 {[%emt 0:09:17]} 17. Nxd4 {[%emt 0:01:32]} cxd4 {[%emt 0:03:33]} 18. Qd2 {[%emt 0:00:30]} h6 {[%emt 0:05:10]} 19. Rc1 {[%emt 0:00:38]} Rc7 {[%emt 0:07:10]} 20. c4 {[%emt 0:03:15]} dxc3 {[%emt 0:00:52]} 21. Rxc3 {[%emt 0:01:24]} Rxc3 {[%emt 0:01:55]} 22. Qxc3 {[%emt 0:00:47]} Qd7 {[%emt 0:02:30]} 23. Re2 {[%emt 0:04:48]} Qxd3 {[%emt 0:04:17]} 24. Qxd3 {[%emt 0:01:30]} Rxd3 {[%emt 0:01:01]} 25. f3 {[%emt 0:00:42]} Kf8 {[%emt 0:05:32]} 26. Rc2 {[%emt 0:01:49]} Bxe4 {[%emt 0:05:23]} 27. fxe4 {[%emt 0:00:03]} Ke7 {[%emt 0:04:10]} 28. Rc7+ {[%emt 0:03:27]} Rd7 {[%emt 0:01:20]} 29. Rc2 {[%emt 0:00:09]} Kf6 {[%emt 0:01:25]} 30. Kf2 {[%emt 0:00:41]} Ke5 {[%emt 0:01:28]} 31. Ke3 {[%emt 0:01:45]} g6 {[%emt 0:11:38]} 32. h3 {[%emt 0:01:18]} f6 {[%emt 0:03:27]} 33. Rc4 {[%emt 0:02:06]} f5 {[%emt 0:01:10]} 34. exf5 {[%emt 0:01:43]} exf5 {[%emt 0:00:13]} 35. Rc6 {[%emt 0:01:05]} f4+ {[%emt 0:01:03]} 36. Ke2 {[%emt 0:00:59]} Kf5 {[%emt 0:01:20]} 37. Rc2 {[%emt 0:00:36]} h5 {[%emt 0:01:11]} 38. Rc8 {[%emt 0:01:03]} g5 {[%emt 0:02:22]} 39. Rf8+ {[%emt 0:02:33]} Kg6 {[%emt 0:01:09]} 40. Rg8+ {[%emt 0:00:29]} Rg7 {[%emt 0:00:29]} 41. Rc8 {[%emt 0:00:12]} g4 {[%emt 0:01:17]} 42. Rf8 {[%emt 0:03:37]} Kg5 {[%emt 0:00:36]} 43. hxg4 {[%emt 0:00:54]} hxg4 {[%emt 0:00:50]} 44. Kf2 {[%emt 0:01:55]} Rc7 {[%emt 0:01:29]} 45. Rg8+ {[%emt 0:01:06]} Kf5 {[%emt 0:00:23]} 46. b4 {[%emt 0:02:40]} Rc2+ {[%emt 0:01:54]} 47. Kf1 {[%emt 0:01:42]} Ra2 {[%emt 0:00:45]} 48. Rf8+ {[%emt 0:00:59]} Kg5 {[%emt 0:00:17]} 49. Rg8+ {[%emt 0:01:39]} Kh4 {[%emt 0:00:12]} 0-1

[Event "CZE-ch FIDE Open 2020"]
[Site "Kouty nad Desnou"]
[Date "2020.03.09"]
[Round "4.15"]
[White "Vaculik, Martin"]
[Black "Hradek, Matyas"]
[Result "1/2-1/2"]
[WhiteElo "2268"]
[BlackElo "1508"]
[Annotator "ChessBase"]
[PlyCount "37"]
[EventDate "2020.03.07"]
[EventCountry "CZE"]
[SourceTitle "playchess.com"]
[Source "ChessBase"]
[SourceQuality "1"]
[TimeControl "5400+30"]

1. d4 {[%emt 0:00:00]} d5 {[%emt 0:00:00]} 2. c4 {[%emt 0:00:00]} c6 {[%emt 0:00:00]} 3. Nf3 {[%emt 0:00:00]} Nf6 {[%emt 0:00:01]} 4. Nc3 {[%emt 0:00:12]} e6 {[%emt 0:00:19]} 5. Bg5 {[%emt 0:00:09]} Nbd7 {[%emt 0:00:34]} 6. e3 {[%emt 0:00:08]} h6 {[%emt 0:00:25]} 7. Bh4 {[%emt 0:01:10]} Bd6 {[%emt 0:03:37]} 8. Bd3 {[%emt 0:02:07]} O-O {[%emt 0:00:47]} 9. O-O {[%emt 0:00:17]} Re8 {[%emt 0:01:18]} 10. e4 {[%emt 0:03:25]} dxe4 {[%emt 0:01:34]} 11. Nxe4 {[%emt 0:00:45]} Be7 {[%emt 0:00:09]} 12. Nc3 {[%emt 0:06:45]} c5 {[%emt 0:02:01]} 13. Bg3 {[%emt 0:02:40]} Nh5 {[%emt 0:04:50]} 14. d5 {[%emt 0:00:36]} Nxg3 {[%emt 0:00:26]} 15. hxg3 {[%emt 0:00:20]} Nf6 {[%emt 0:00:59]} 16. Bc2 {[%emt 0:04:53]} exd5 {[%emt 0:02:02]} 17. cxd5 {[%emt 0:01:34]} a6 {[%emt 0:01:24]} 18. a4 {[%emt 0:06:46]} b6 {[%emt 0:01:26]} 19. Qd3 {[%emt 0:02:05]} 1/2-1/2

[Event "CZE-ch FIDE Open 2020"]
[Site "Kouty nad Desnou"]
[Date "2020.03.10"]
[Round "5.1"]
[White "Bares, Jachym"]
[Black "Horak, Martin"]
[Result "0-1"]
[WhiteElo "2119"]
[BlackElo "2329"]
[Annotator "TA"]
[PlyCount "40"]
[EventDate "2020.03.07"]
[EventCountry "CZE"]
[SourceTitle "playchess.com"]
[Source "ChessBase"]
[SourceQuality "1"]

{[%evp 9,40,-15,-20,-29,-3,-36,-1,-29,5,-31,0,0,0,-62,-60,-62,-62,-69,-75,-169,-160,-195,-173,-176,-175,-227,-233,-238,-225,-470,-408,-1079,-1079]} 1. a4 d5 2. d4 c5 3. e3 Nf6 4. Nf3 {[#]} Nc6 $146 ({Predecessor:} 4... e6 5. b3 Nc6 6. Ba3 b6 7. Bb5 Bd7 8. O-O Be7 9. c4 a6 10. cxd5 axb5 11. dxc6 Bxc6 12. axb5 Bxb5 {0-1 (85) Podskubka,O (1761)-Simcakova,J (1565) Bezmerov 2019}) 5. c3 e6 6. Bd3 {A00: Irregular Openings.} Bd6 7. O-O O-O 8. Nbd2 {The position is equal.} e5 {Hoping for ...e4.} 9. dxe5 (9. dxc5 {looks sharper.} Bxc5 10. e4 Be6 11. b4 Be7 12. Bb2) 9... Nxe5 10. Nxe5 Bxe5 11. Nf3 (11. c4 $11) 11... Bc7 $15 12. b4 c4 13. Be2 Ne4 14. Qe1 {[#]} (14. Bb2 $17 {was necessary.}) 14... Qd6 $1 $19 15. Kh1 Bg4 $36 {[%mdl 2048] ( -> ...Bxf3). Keeping White busy.} 16. g3 Bh3 17. Rg1 (17. Nd4 {keeps fighting.}) 17... Qf6 18. Bb2 g5 ({Much less strong is} 18... Bg4 19. Kg2 $17) 19. g4 $2 {[#]} (19. Rg2) 19... h5 $1 {[%mdl 512]} 20. gxh5 (20. Rg3 $142) 20... g4 {White did not feel at home in the position after the opening. Accuracy: White = 40%, Black = 75%.} 0-1

[Event "CZE-ch FIDE Open 2020"]
[Site "Kouty nad Desnou"]
[Date "2020.03.10"]
[Round "5.2"]
[White "Sikorova, Olga"]
[Black "Slepov, Kyryl"]
[Result "1/2-1/2"]
[WhiteElo "2199"]
[BlackElo "1973"]
[Annotator "TA"]
[PlyCount "113"]
[EventDate "2020.03.07"]
[EventCountry "CZE"]
[SourceTitle "playchess.com"]
[Source "ChessBase"]
[SourceQuality "1"]

{[%evp 15,113,0,18,-33,-40,-47,-55,-64,-52,-54,-43,-73,-70,-67,-72,-98,-51,-51,-68,-61,-39,-27,173,173,168,-124,-108,-172,-170,-168,-168,-172,-14,-21,-11,-20,-8,-8,-8,-8,-8,-16,0,0,0,0,0,-2,8,8,8,-31,-14,-14,-8,-8,-2,-14,-2,-22,-14,-17,0,0,0,-13,0,0,0,0,8,8,8,0,0,5,24,24,24,24,26,16,191,190,842,851,802,758,532,0,0,0,0,0,0,0,0,0,0,0]} 1. c4 Nf6 2. g3 e6 3. Bg2 d5 4. Nf3 dxc4 5. O-O Nbd7 6. Qc2 a6 7. Qxc4 b5 8. Qc2 Bb7 9. d4 {A13: English Opening: 1...e6.} (9. d3 $11) 9... Rc8 $15 10. Nc3 c5 11. dxc5 {Black is slightly better.} Bxc5 {Threatens to win with ...b4.} 12. Qd3 Qb6 {[#]} 13. a4 $146 {[%cal Ra4b5]} ({Predecessor:} 13. Bf4 O-O 14. Rad1 Rfd8 15. Qb1 h6 16. h3 Bc6 17. Ne1 e5 18. Bd2 b4 19. Ne4 Bxe4 20. Bxe4 Nxe4 21. Qxe4 {0-1 (34) Iljushin,A (2400)-Eismont,O (2455) Azov 1996}) 13... b4 14. a5 Qc7 $36 {[%mdl 2048] Keeping White busy.} 15. Na4 Be4 16. Qxa6 Ra8 $1 {[%cal Ra8a6]} 17. Qb5 Rxa5 18. Bf4 e5 $2 (18... Qa7 $11 {and Black is okay.} 19. Nxc5 Rxa1 20. Rxa1 Qxa1+ {[%mdl 64] Double Attack} 21. Bf1 Qa7) 19. Bxe5 $1 $18 Qxe5 {[#]} 20. Nxe5 $2 (20. Qxd7+ $1 $18 {[%mdl 512]} Nxd7 (20... Kxd7 21. Nxe5+) 21. Nxe5 Bxg2 22. Nxc5 (22. Kxg2 Nxe5 23. Nxc5 Rxa1 $16) 22... Rxa1 23. Rxa1 Nxe5 24. Kxg2) 20... Rxb5 $17 21. Bxe4 (21. Nxc5 $17 Rxc5 22. Bxe4 Rxe5 23. Ra8+ Ke7 24. Rxh8 Rxe4 25. Re1) 21... Nxe4 $19 22. Nxc5 Nexc5 23. Rfd1 f6 $2 (23... Rb7 $19 24. Ra8+ Rb8 25. Nxd7 Nxd7 26. Rxb8+ Nxb8) 24. Nxd7 $1 $11 Nxd7 25. Ra7 Nb8 {Threatening ...0-0.} 26. Rxg7 Rg5 27. Rb7 O-O $1 28. Rxb4 Nc6 29. Rb6 Ne7 30. Rd7 Rg7 31. e4 Nc8 32. Rxg7+ Kxg7 {[%mdl 4096] Endgame KRN-KR} 33. Rc6 Kf7 34. Kg2 Ne7 35. Rb6 Rc8 36. Kf3 Rc2 37. h3 Nc6 38. Rb7+ Kg6 39. Ke3 Ne5 40. b3 Rb2 41. f4 Nc4+ 42. Kd4 Na5 43. f5+ Kh6 44. Rf7 Rxb3 45. Rxf6+ Kg7 46. Ra6 Nb7 47. Ra7 {And now g4 would win.} Kf6 48. g4 Rb4+ $2 (48... Kg5 $11) 49. Kd5 $18 {Strongly threatening e5+.} h5 $2 (49... Kg5 50. e5 Rb6) 50. e5+ Kg5 {[#]} 51. e6 $1 Kf6 {[#]} 52. gxh5 $2 (52. g5+ $1 $18 {[%mdl 512]} Kxg5 53. e7 Rb5+ 54. Ke6 (54. Kc6 Re5 $18) 54... Rb6+ 55. Kd7) 52... Rb5+ $11 {The position is equal.} 53. Kc6 {[%mdl 64] Double Attack} Rxf5 54. Rxb7 Kxe6 55. h6 Rh5 56. h7 Rxh3 57. Kc5 {Accuracy: White = 82%, Black = 74%.} 1/2-1/2